[Event "Lichtenrader Herbst"]
[Site "?"]
[Date "2005.10.02"]
[Round "2"]
[White "Chaumont, Adeline"]
[Black "Lueders, Gerhard"]
[Result "0-1"]
[WhiteElo "2035"]
[BlackElo "2229"]
[PlyCount "34"]
[EventDate "2005.??.??"]

1. d4 Nf6 2. c4 e6 3. Nc3 Bb4 4. Qc2 c5 5. Nf3 cxd4 6. Nxd4 Nc6 7. Nxc6 bxc6 8.
Bd2 O-O 9. e4 d5 10. cxd5 exd5 11. exd5 Re8+ 12. Be3 Bxc3+ 13. bxc3 Nxd5 14.
O-O-O Qa5 15. Kd2 Nxe3 16. fxe3 Bf5 17. Qb3 Rab8 0-1

[Event "Lichtenrader Herbst"]
[Site "?"]
[Date "2005.10.02"]
[Round "2"]
[White "Fruebing, Thomas"]
[Black "von Loehneysen, Leonard"]
[Result "1-0"]
[WhiteElo "2211"]
[BlackElo "2011"]
[PlyCount "43"]
[EventDate "2005.??.??"]

1. e4 c5 2. Nf3 Nc6 3. c3 d5 4. exd5 Qxd5 5. d4 e6 6. Be3 Nf6 7. c4 Qd8 8. Nc3
cxd4 9. Nxd4 Bd7 10. Ndb5 Qa5 11. a3 Ne4 12. Bd2 Nxd2 13. Qxd2 O-O-O 14. Rc1 e5
15. Be2 Be6 16. Qe3 a6 17. b4 Nxb4 18. axb4 Bxb4 19. O-O axb5 20. Nxb5 Be7 21.
Ra1 Qb4 22. Qb6 1-0

[Event "Lichtenrader Herbst"]
[Site "?"]
[Date "2005.10.02"]
[Round "2"]
[White "Bubolz, Konstantin"]
[Black "Haemmerlein, Thomas"]
[Result "0-1"]
[WhiteElo "2019"]
[BlackElo "2193"]
[PlyCount "96"]
[EventDate "2005.??.??"]

1. d4 Nf6 2. c4 c5 3. d5 b5 4. cxb5 a6 5. f3 e6 6. e4 Bb7 7. Nc3 exd5 8. e5 Qe7
9. Qe2 Ng8 10. Nh3 c4 11. Be3 Qb4 12. b6 Bc5 13. Qf2 Bxe3 14. Qxe3 Ne7 15.
O-O-O O-O 16. Nf4 Nf5 17. Qd2 d4 18. Ncd5 Qa4 19. Qc2 Qxc2+ 20. Kxc2 d3+ 21.
Kd2 Nc6 22. Re1 Rae8 23. b3 Nxe5 24. Nc7 Nxf3+ 25. gxf3 c3+ 26. Kxc3 Rxe1 27.
Nxd3 Rd1 28. Bg2 Rxh1 29. Bxh1 d6 30. a4 Ne7 31. a5 Nd5+ 32. Nxd5 Bxd5 33. Kd4
Bb7 34. Bg2 Rc8 35. Bf1 Bxf3 36. Nf4 Bb7 37. Nd5 Rc5 38. Ne7+ Kf8 39. b4 Re5
40. Nc6 Bxc6 41. b5 axb5 42. a6 Re4+ 43. Kc3 b4+ 44. Kc2 Re8 45. b7 Bxb7 46.
axb7 Rb8 47. Bg2 Ke7 48. Kb3 Kd7 0-1

[Event "Lichtenrader Herbst"]
[Site "?"]
[Date "2005.10.02"]
[Round "2"]
[White "Issel, Oliver"]
[Black "Friedrich, Wiede"]
[Result "1-0"]
[WhiteElo "2171"]
[BlackElo "1967"]
[PlyCount "47"]
[EventDate "2005.??.??"]

1. Nf3 d6 2. d4 Nf6 3. Bg5 Nbd7 4. e3 g6 5. Be2 Bg7 6. O-O O-O 7. c4 Ne4 8. Bh4
Qe8 9. Qc2 Nef6 10. Nc3 c6 11. b4 a5 12. a3 e5 13. Rfe1 axb4 14. axb4 Rxa1 15.
Rxa1 exd4 16. Nxd4 Nb6 17. Rd1 Bg4 18. Bxf6 Bxe2 19. Ndxe2 Bxf6 20. Ne4 Qe5 21.
Nxd6 Rd8 22. c5 Nd5 23. Qb3 Qh5 24. Nf4 1-0

[Event "Lichtenrader Herbst"]
[Site "?"]
[Date "2005.10.02"]
[Round "2"]
[White "Gremm, Albert Juergen"]
[Black "Stippekohl, Peter"]
[Result "0-1"]
[WhiteElo "1972"]
[BlackElo "2166"]
[PlyCount "98"]
[EventDate "2005.??.??"]

1. Nc3 d5 2. e4 Nf6 3. d4 e6 4. Bg5 dxe4 5. Nxe4 Nbd7 6. Nf3 Be7 7. Bxf6 Nxf6
8. Ng3 O-O 9. Bd3 b6 10. O-O Bb7 11. c3 c5 12. dxc5 bxc5 13. Qe2 Qc7 14. Ne5
Rfe8 15. f4 Bf8 16. Nh5 Nxh5 17. Qxh5 g6 18. Qe2 Bg7 19. Rae1 Rab8 20. Rf2 Bd5
21. Bc4 a5 22. Bb5 Red8 23. a4 Rb6 24. Qe3 Bf8 25. c4 Bb7 26. Rd2 Rbd6 27. Red1
Bg7 28. h3 Rxd2 29. Rxd2 Rxd2 30. Qxd2 Bxe5 31. fxe5 Qxe5 32. Qxa5 Qg5 33. Kf1
Qxg2+ 34. Ke1 Bf3 35. Qd8+ Kg7 36. Qd3 e5 37. a5 e4 38. Qe3 Qxb2 39. a6 f5 40.
Qd2 Qxd2+ 41. Kxd2 f4 42. Kc3 e3 43. a7 Kf6 44. Bd7 Ke7 45. Bg4 Be4 46. Be2 f3
47. Bd3 Bc6 48. Kc2 Kd6 49. Kd1 Kc7 0-1

[Event "Lichtenrader Herbst"]
[Site "?"]
[Date "2005.01.01"]
[Round "3"]
[White "Rabiega, Robert"]
[Black "Fruebing, Thomas"]
[Result "1-0"]
[WhiteElo "2501"]
[BlackElo "2211"]
[PlyCount "77"]
[EventDate "2000.??.??"]

1. e4 e6 2. d3 c5 3. Nf3 Nc6 4. c3 d5 5. Qe2 Be7 6. g3 Nf6 7. Bg2 b6 8. O-O O-O
9. e5 Nd7 10. h4 Re8 11. Bh3 Nf8 12. h5 f5 13. Nh2 Qc7 14. f4 b5 15. Nf3 a5 16.
Be3 b4 17. Qf2 Qb6 18. Rc1 Rd8 19. d4 c4 20. Nbd2 Qc7 21. g4 a4 22. Kh1 Rb8 23.
Nf1 bxc3 24. bxc3 Ba3 25. Rc2 Bd7 26. Ng3 Ne7 27. gxf5 exf5 28. Nh4 g6 29. Rg1
Kh8 30. hxg6 hxg6 31. Nh5 Rb6 32. Nf6 Rdb8 33. Qg3 Rb1 34. Qg5 Rxg1+ 35. Bxg1
Kg7 36. Nh5+ Kh7 37. Qf6 gxh5 38. Rg2 Ne6 39. Qf7+ 1-0

[Event "Lichtenrader Herbst"]
[Site "?"]
[Date "2005.01.01"]
[Round "3"]
[White "Lueders, Gerhard"]
[Black "Meister, Yakov"]
[Result "0-1"]
[WhiteElo "2229"]
[BlackElo "2490"]
[PlyCount "144"]
[EventDate "2000.??.??"]

1. d4 d6 2. g3 Nd7 3. Bg2 e5 4. dxe5 dxe5 5. Nf3 Ngf6 6. O-O Bc5 7. Nc3 h6 8.
e4 O-O 9. Re1 Re8 10. h3 c6 11. a3 Qc7 12. Be3 Bf8 13. g4 Nh7 14. Nh4 Nc5 15.
Nf5 Ne6 16. Ne2 b6 17. c4 Bb7 18. Qc2 Rad8 19. Rad1 Rxd1 20. Rxd1 Rd8 21. Bc1
Nf6 22. b3 Rxd1+ 23. Qxd1 Kh7 24. Bb2 g6 25. Nfg3 Nd7 26. Nc1 Qd6 27. Qxd6 Bxd6
28. Nge2 a5 29. a4 Nec5 30. Kf1 Be7 31. Ke1 Bh4 32. Ba3 Kg7 33. Nc3 Bg5 34.
N3e2 Kf6 35. Kd1 Bh4 36. f4 exf4 37. Nxf4 Ke5 38. Nfe2 Bg5 39. Kc2 Ke6 40. Nd4+
Kf6 41. Nd3 Nxd3 42. Kxd3 Ne5+ 43. Ke2 c5 44. Nb5 Ke7 45. Nc7 Kd6 46. Nd5 Bd8
47. Bb2 Bc8 48. Bc3 Be6 49. Bd2 g5 50. Be1 Nc6 51. Bg3+ Kd7 52. Bf2 Ke8 53. Be3
Kf8 54. Bf3 Kg7 55. Kd2 h5 56. Bf2 Ne5 57. Bd1 hxg4 58. hxg4 Nxg4 59. Bg3 Kg6
60. Bc7 Bxc7 61. Nxc7 Ne5 62. Ke3 Nd7 63. Ne8 Kh7 64. Nd6 Kg7 65. Nc8 Kf6 66.
Be2 Ke5 67. Bf3 Bh3 68. Bh5 Nf6 69. Nxb6 Nxh5 70. b4 cxb4 71. c5 Be6 72. c6 Kd6
0-1

[Event "Lichtenrader Herbst"]
[Site "?"]
[Date "2005.01.01"]
[Round "3"]
[White "Kalinitschew, Sergey"]
[Black "Issel, Oliver"]
[Result "1-0"]
[WhiteElo "2478"]
[BlackElo "2171"]
[PlyCount "35"]
[EventDate "2000.??.??"]

1. d4 f5 2. g3 Nf6 3. Bg2 g6 4. b4 d6 5. Bb2 Bg7 6. Nf3 e5 7. dxe5 Nfd7 8. O-O
O-O 9. Qd5+ Kh8 10. Bc3 Nxe5 11. Nxe5 dxe5 12. Bxe5 Qxd5 13. Bxg7+ Kxg7 14.
Bxd5 c6 15. Bb3 Na6 16. a3 f4 17. Nc3 Bh3 18. Rfd1 1-0

[Event "Lichtenrader Herbst"]
[Site "?"]
[Date "2005.01.01"]
[Round "3"]
[White "Haemmerlein, Thomas"]
[Black "Geller, Jakov"]
[Result "0-1"]
[WhiteElo "2193"]
[BlackElo "2469"]
[PlyCount "54"]
[EventDate "2000.??.??"]

1. e4 c5 2. Nf3 e6 3. c3 d5 4. exd5 exd5 5. d4 Nc6 6. Bb5 Bd6 7. Ne5 Nge7 8.
O-O O-O 9. Nxc6 bxc6 10. dxc5 Bxc5 11. Bd3 Ng6 12. Qh5 Re8 13. Qg5 Qb6 14. Nd2
Ba6 15. Bxa6 Qxa6 16. Nb3 Bb6 17. Bd2 Re2 18. Rad1 Re5 19. Qg3 Qxa2 20. Nc1 Qa4
21. b3 Qb5 22. Kh1 Bc7 23. f4 Re4 24. Rde1 Rae8 25. c4 dxc4 26. Rxe4 Rxe4 27.
Qf3 c3 0-1

[Event "Lichtenrader Herbst"]
[Site "?"]
[Date "2000.01.01"]
[Round "3"]
[White "Mikhaletz, Lubomir"]
[Black "Jaeschke, Jens-Uwe"]
[Result "1-0"]
[WhiteElo "2451"]
[BlackElo "2164"]
[PlyCount "91"]
[EventDate "2000.??.??"]

1. e4 e5 2. Nf3 Nc6 3. Nc3 Nf6 4. g3 d5 5. exd5 Nd4 6. Bg2 Bg4 7. h3 Bxf3 8.
Bxf3 Nxf3+ 9. Qxf3 Bb4 10. O-O O-O 11. Re1 Re8 12. Rb1 b6 13. d3 Bxc3 14. bxc3
Qxd5 15. Qxd5 Nxd5 16. c4 Nf6 17. Rb5 Nd7 18. Rd5 Rad8 19. f4 f6 20. Bb2 Kf7
21. fxe5 fxe5 22. Kg2 Kf6 23. g4 Kf7 24. h4 Nf6 25. Rxd8 Rxd8 26. g5 Nd7 27.
Bxe5 Nxe5 28. Rxe5 Rd7 29. Kf3 h6 30. gxh6 gxh6 31. Ke4 c5 32. Rd5 Re7+ 33. Kf5
Kg7 34. a4 Rf7+ 35. Kg4 Rf2 36. Rd7+ Kg6 37. h5+ Kf6 38. Rxa7 Rg2+ 39. Kf4 Rf2+
40. Kg4 Rg2+ 41. Kf3 Rxc2 42. a5 Ke5 43. axb6 Rb2 44. Ra5 Rb1 45. Rxc5+ Kd6 46.
Rb5 1-0

[Event "Lichtenrader Herbst"]
[Site "?"]
[Date "2005.01.01"]
[Round "3"]
[White "Stippekohl, Peter"]
[Black "Langrock, Hannes"]
[Result "1-0"]
[WhiteElo "2166"]
[BlackElo "2430"]
[PlyCount "101"]
[EventDate "2000.??.??"]

1. Nf3 e6 2. c4 b6 3. g3 Bb7 4. Bg2 Nf6 5. d4 Be7 6. Nc3 Ne4 7. Qc2 Nxc3 8.
Qxc3 O-O 9. O-O c5 10. Be3 d6 11. Rfd1 Nd7 12. Ne1 Bxg2 13. Kxg2 Nf6 14. f3
cxd4 15. Bxd4 Qc7 16. Rac1 Rfd8 17. e4 Rac8 18. Qd2 Qb7 19. b3 Rc7 20. Qe3 Ne8
21. Nd3 Rdc8 22. Bb2 Qa6 23. a4 Qb7 24. h4 Nf6 25. Nf4 Rc6 26. g4 Ne8 27. g5 a6
28. Ne2 R6c7 29. Nd4 Rc5 30. Kh3 Qd7 31. Kg3 Qb7 32. f4 e5 33. Nf5 exf4+ 34.
Qxf4 Bf8 35. Ne3 b5 36. axb5 axb5 37. Bd4 R5c6 38. Qg4 bxc4 39. bxc4 R6c7 40.
h5 Re7 41. Nd5 Re6 42. Rf1 Nc7 43. Rxf7 Kxf7 44. Qf5+ Kg8 45. Rf1 Qb8 46. Qf7+
Kh8 47. h6 Re5 48. Bxe5 dxe5 49. Ne7 Qb3+ 50. Rf3 Qxf3+ 51. Kxf3 1-0

[Event "Lichtenrader Herbst"]
[Site "?"]
[Date "2005.01.01"]
[Round "3"]
[White "Postler, Reinhard"]
[Black "Sondermann, Johannes"]
[Result "1-0"]
[WhiteElo "2327"]
[BlackElo "2164"]
[PlyCount "55"]
[EventDate "2000.??.??"]

1. e4 c5 2. Nf3 e6 3. d4 cxd4 4. Nxd4 Nf6 5. Nc3 d6 6. Be2 a6 7. f4 Qc7 8. O-O
Nc6 9. Be3 Be7 10. Kh1 Bd7 11. Bf3 h5 12. a4 Na5 13. Bg1 Rc8 14. Nde2 Ng4 15.
Qd3 Bf6 16. Rfd1 Nc4 17. Ra2 Ke7 18. Bxg4 hxg4 19. b3 Na5 20. e5 dxe5 21. Ne4
b6 22. Nxf6 gxf6 23. Bxb6 e4 24. Qd4 Qc6 25. Bxa5 Rh5 26. Bb4+ Ke8 27. Qxf6 e3
28. Qe7# 1-0

[Event "Lichtenrader Herbst"]
[Site "?"]
[Date "2005.01.01"]
[Round "3"]
[White "Welz, Peter"]
[Black "Reichenbach, Werner"]
[Result "0-1"]
[WhiteElo "2164"]
[BlackElo "2310"]
[PlyCount "88"]
[EventDate "2000.??.??"]

1. f4 d5 2. Nf3 Nf6 3. g3 c5 4. Bg2 Nc6 5. O-O e6 6. d3 Be7 7. e3 Qc7 8. Qe2 b6
9. e4 dxe4 10. dxe4 Bb7 11. e5 Nd7 12. Be3 O-O 13. Nc3 a6 14. Ne4 Nb4 15. Bf2
c4 16. a3 Nd5 17. Nd6 Bxd6 18. exd6 Qxd6 19. Qxc4 Rac8 20. Qe2 Qc7 21. c3 Ne7
22. Rad1 Nf5 23. Rd2 Nf6 24. Rfd1 b5 25. Ne5 Bxg2 26. Kxg2 Nd5 27. Qe4 Nd6 28.
Qf3 g6 29. h4 h5 30. g4 hxg4 31. Nxg4 Nf5 32. Ne5 Nde3+ 33. Kh3 Nxd1 34. Rxd1
Rfd8 35. Rg1 Kg7 36. Qg4 Rg8 37. h5 Qe7 38. hxg6 Rh8+ 39. Kg2 Qb7+ 40. Kf1 f6
41. Nf3 Qe4 42. Nd4 Rh2 43. Nxf5+ exf5 44. Qe2 Re8 0-1

[Event "Lichtenrader Herbst"]
[Site "?"]
[Date "2005.01.01"]
[Round "3"]
[White "Bandow, Alexander"]
[Black "Federau, Juergen"]
[Result "1/2-1/2"]
[WhiteElo "2159"]
[BlackElo "2236"]
[PlyCount "84"]
[EventDate "2000.??.??"]

1. e4 c5 2. Nf3 d6 3. c3 Nf6 4. Bd3 g6 5. Bc2 Bg7 6. d4 cxd4 7. cxd4 O-O 8. O-O
Nc6 9. Nc3 Bg4 10. Be3 Nd7 11. Ne2 d5 12. exd5 Nb4 13. Ne1 Nb6 14. Bb3 N4xd5
15. h3 Bf5 16. Rc1 Rc8 17. Nc3 Nxc3 18. bxc3 Nc4 19. Nd3 b6 20. Qe2 Bxd3 21.
Qxd3 Qd5 22. Qe2 b5 23. a4 bxa4 24. Bxa4 Nxe3 25. fxe3 Bh6 26. Rfe1 Qa5 27. Qb5
Qc7 28. Kf2 Qd6 29. Bd1 Qa3 30. Bg4 Rxc3 31. Ra1 Rc2+ 32. Kf1 Qc3 33. Qe5 e6
34. Rxa7 Qd3+ 35. Kg1 Rc3 36. Kf2 Rc2+ 37. Re2 Rxe2+ 38. Bxe2 Qd2 39. Ra3 Rc8
40. Qe4 Qc2 41. Qxc2 Rxc2 42. Kf3 Rc8 1/2-1/2

[Event "Lichtenrader Herbst"]
[Site "?"]
[Date "2005.01.01"]
[Round "3"]
[White "Teschke, Olaf"]
[Black "Zschaebitz, Klaus"]
[Result "1-0"]
[WhiteElo "2236"]
[BlackElo "2092"]
[PlyCount "45"]
[EventDate "2000.??.??"]

1. e4 e6 2. d4 d5 3. Nc3 Bb4 4. e5 c5 5. a3 Bxc3+ 6. bxc3 Nc6 7. Qg4 g6 8. a4
f5 9. Qd1 Qa5 10. Bd2 c4 11. h4 h6 12. Ne2 Nd8 13. Nf4 Ne7 14. g4 fxg4 15. Qxg4
Rg8 16. Rg1 Bd7 17. Nxg6 Nxg6 18. Qh5 Ke7 19. Qxh6 Nf7 20. Qh7 Nxh4 21. Qxh4+
Kf8 22. Bh6+ Nxh6 23. Qxh6+ 1-0

[Event "Lichtenrader Herbst"]
[Site "?"]
[Date "2005.01.01"]
[Round "3"]
[White "Wolf, Christian"]
[Black "Bartolomaeus, Christian"]
[Result "1/2-1/2"]
[WhiteElo "2087"]
[BlackElo "2232"]
[PlyCount "68"]
[EventDate "2000.??.??"]

1. e4 d6 2. d4 Nf6 3. Nc3 g6 4. f3 Bg7 5. Be3 c6 6. Qd2 b5 7. h4 Qa5 8. g4 Nbd7
9. h5 Nb6 10. Bd3 Nc4 11. Bxc4 bxc4 12. Nge2 Rb8 13. h6 Bf8 14. b3 cxb3 15.
cxb3 Rxb3 16. O-O Ra3 17. Qb2 Qa6 18. d5 Ra5 19. dxc6 g5 20. Rab1 Bxh6 21. Nd5
Rxd5 22. exd5 O-O 23. Qd2 Nxd5 24. Bxg5 Bg7 25. Qxd5 Qxe2 26. Rbe1 Be6 27. Rxe2
Bxd5 28. Rc2 Rc8 29. Bxe7 Bd4+ 30. Kg2 Bc5 31. Rd1 Bxc6 32. Kg3 Ba4 33. Rxc5
dxc5 34. Rd5 f6 1/2-1/2

[Event "Lichtenrader Herbst"]
[Site "?"]
[Date "2005.01.01"]
[Round "3"]
[White "Schilling, Hans"]
[Black "Schmarr, Denis"]
[Result "1/2-1/2"]
[WhiteElo "1760"]
[BlackElo "1952"]
[PlyCount "37"]
[EventDate "2000.??.??"]

1. Nf3 d5 2. c4 c6 3. b3 Nf6 4. Bb2 Bg4 5. Ne5 Bf5 6. d3 Nbd7 7. Nxd7 Nxd7 8.
cxd5 cxd5 9. g3 e6 10. Bg2 Bb4+ 11. Bc3 Bxc3+ 12. Nxc3 Qa5 13. Qd2 Rc8 14. Ne4
Qc7 15. Ng5 Qc3 16. Qxc3 Rxc3 17. Kd2 Rc8 18. Rhc1 Ke7 19. Nf3 1/2-1/2

[Event "Lichtenrader Herbst"]
[Site "?"]
[Date "2005.01.01"]
[Round "3"]
[White "Kurbel, Horst-Peter"]
[Black "Meissner, Hans-Juergen"]
[Result "1/2-1/2"]
[WhiteElo "1894"]
[BlackElo "2256"]
[PlyCount "31"]
[EventDate "2000.??.??"]

1. e4 e5 2. Nf3 Nc6 3. Bb5 a6 4. Bxc6 dxc6 5. O-O Qd6 6. d4 exd4 7. Qxd4 Be6 8.
e5 Qc5 9. Nc3 Rd8 10. Qxc5 Bxc5 11. Bg5 Ne7 12. Rfd1 h6 13. Rxd8+ Kxd8 14. Rd1+
Ke8 15. Bxe7 Kxe7 16. Kf1 1/2-1/2

[Event "Lichtenrader Herbst"]
[Site "?"]
[Date "2005.01.01"]
[Round "3"]
[White "Niehaus, Frank"]
[Black "Zoellner, Rainer"]
[Result "0-1"]
[WhiteElo "2252"]
[BlackElo "1874"]
[PlyCount "112"]
[EventDate "2000.??.??"]

1. e4 e6 2. d4 d5 3. Nc3 Nf6 4. Bg5 dxe4 5. Nxe4 Be7 6. Bxf6 Bxf6 7. Nf3 O-O 8.
Qd2 Nd7 9. O-O-O Be7 10. h4 c5 11. Bd3 cxd4 12. Neg5 h6 13. Qf4 Bf6 14. Qe4 Re8
15. Qh7+ Kf8 16. Ne4 Ne5 17. Nxe5 Bxe5 18. g4 Ke7 19. Ng3 Bd7 20. Rhe1 Rh8 21.
Qe4 Bxg3 22. fxg3 Bc6 23. Qf4 Qd6 24. Qf2 Rac8 25. Kb1 Rhd8 26. g5 hxg5 27.
hxg5 Qc5 28. Qf4 Rd5 29. Rf1 Be8 30. Be4 Rxg5 31. Bxb7 Rc7 32. Be4 f6 33. Rd2
Bb5 34. Rfd1 e5 35. Qh4 Bd7 36. Rf1 Be6 37. Rdf2 Qa5 38. a3 Rg4 39. Qh7 Kd6 40.
Bf5 g6 41. Qxc7+ Qxc7 42. Bxg4 Bxg4 43. Rxf6+ Kd5 44. Rxg6 Qc4 45. Rff6 Bd1 46.
Rd6+ Ke4 47. Rc6 Qf1 48. Ka2 Qe2 49. Kb1 Qf1 50. Ka2 Ke3 51. g4 Qg2 52. g5 Bxc2
53. Rge6 Qd5+ 54. Ka1 Bb3 55. Rh6 Qg2 56. Rc1 d3 0-1

[Event "Lichtenrader Herbst"]
[Site "?"]
[Date "2005.01.01"]
[Round "3"]
[White "Apel, Wolfgang"]
[Black "Jenull, Marco"]
[Result "0-1"]
[WhiteElo "1790"]
[BlackElo "2156"]
[PlyCount "54"]
[EventDate "2000.??.??"]

1. c4 e5 2. Nc3 Nf6 3. d4 exd4 4. Qxd4 Nc6 5. Qd1 Bb4 6. a3 Bxc3+ 7. bxc3 O-O
8. e3 d6 9. Nf3 Re8 10. Bd3 Ne5 11. Nxe5 dxe5 12. e4 Qd6 13. Bg5 Bg4 14. f3
Rad8 15. Ke2 Be6 16. Bxf6 gxf6 17. Qc2 Qc5 18. Rhd1 Rxd3 19. Rxd3 Bxc4 20. Rad1
Rd8 21. a4 Kf8 22. h4 a5 23. h5 b5 24. Qc1 Qd6 25. Qe3 bxa4 26. h6 a3 27. f4
Bxd3+ 0-1

[Event "Lichtenrader Herbst"]
[Site "?"]
[Date "2005.01.01"]
[Round "3"]
[White "Poppner, Dietmar"]
[Black "Nabel, Matthias"]
[Result "1-0"]
[WhiteElo "2156"]
[BlackElo "1889"]
[PlyCount "121"]
[EventDate "2000.??.??"]

1. f4 d5 2. Nf3 Nf6 3. e3 Bg4 4. b3 Nbd7 5. Bb2 c6 6. Be2 Bxf3 7. Bxf3 Qc7 8.
d4 e6 9. Nd2 Be7 10. O-O O-O-O 11. g3 h5 12. h4 g6 13. c4 Ne8 14. cxd5 exd5 15.
Bxd5 f6 16. Bg2 g5 17. hxg5 fxg5 18. Rc1 Rh6 19. d5 Bc5 20. Bd4 Bxd4 21. exd4
gxf4 22. dxc6 bxc6 23. Rxf4 Kb8 24. Qf3 Rc8 25. Ne4 Qb6 26. Nc5 Nxc5 27. dxc5
Qd8 28. Rf8 Qd4+ 29. Qf2 Qxf2+ 30. Kxf2 Rf6+ 31. Rxf6 Nxf6 32. Bf3 Ng4+ 33.
Bxg4 hxg4 34. Rc4 Rg8 35. Ke3 Re8+ 36. Re4 Rg8 37. Kf4 Kb7 38. b4 a5 39. a4
axb4 40. Rxb4+ Kc7 41. Kf5 Rd8 42. Kxg4 Rd1 43. Rc4 Kd7 44. Kf5 Rf1+ 45. Ke5
Re1+ 46. Kf6 Rf1+ 47. Ke5 Re1+ 48. Kf4 Rf1+ 49. Ke3 Kc7 50. g4 Kd7 51. Rd4+ Kc7
52. Rf4 Rc1 53. Rf7+ Kb8 54. g5 Rg1 55. Rf5 Kb7 56. Kf4 Ra1 57. g6 Rxa4+ 58.
Kg5 Ra1 59. Rf4 Rc1 60. g7 Rxc5+ 61. Kf6 1-0

[Event "Lichtenrader Herbst"]
[Site "?"]
[Date "2005.01.01"]
[Round "3"]
[White "Mueller, Peter"]
[Black "Hannebauer, Torsten"]
[Result "0-1"]
[WhiteElo "1874"]
[BlackElo "2154"]
[PlyCount "106"]
[EventDate "2000.??.??"]

1. e4 e6 2. d4 d5 3. e5 c5 4. c3 Nc6 5. Nf3 Qb6 6. a3 Bd7 7. Be2 Rc8 8. O-O f6
9. b4 cxd4 10. cxd4 a6 11. Be3 g6 12. Nbd2 Bg7 13. Rc1 Nge7 14. Nc4 dxc4 15. d5
Qd8 16. exf6 Bxf6 17. dxc6 Bxc6 18. Qxd8+ Rxd8 19. Rxc4 Nf5 20. Bb6 Rd7 21. Rd1
h5 22. h3 Rhh7 23. Nd4 Ba4 24. Rc8+ Kf7 25. Nc2 Rxd1+ 26. Bxd1 Be5 27. Rd8 Rh8
28. Ne3 Rxd8 29. Bxd8 Nxe3 30. Bxa4 b5 31. Bxb5 axb5 32. fxe3 Bb2 33. Kf2 Bxa3
34. Ba5 Kf6 35. e4 Ke5 36. Ke3 Bc1+ 37. Kd3 Kf4 38. Bc7+ e5 39. Kc2 Be3 40. Kd3
Bd4 41. Bd8 Kg3 42. h4 Kxg2 43. Ke2 Kg3 44. Bf6 Kf4 45. Kd3 Bf2 46. Bg5+ Kg4
47. Bf6 Bg3 48. Ke2 Bxh4 49. Bxe5 Be7 50. Bc3 Kf4 51. e5 g5 52. Kf2 Kf5 53. Kg2
Bd8 0-1

[Event "Lichtenrader Herbst"]
[Site "?"]
[Date "2005.01.01"]
[Round "3"]
[White "Jaeger, Andre"]
[Black "Ayush, Batzaya"]
[Result "1-0"]
[WhiteElo "2153"]
[BlackElo "1796"]
[PlyCount "89"]
[EventDate "2000.??.??"]

1. d4 Nf6 2. c4 c5 3. Nf3 cxd4 4. Nxd4 Nc6 5. Nc3 g6 6. g3 d5 7. Bg2 Nxd4 8.
Qxd4 dxc4 9. Qxc4 Bg7 10. O-O O-O 11. Rd1 Qa5 12. Be3 Ng4 13. Bc5 Be6 14. Qb4
Qxb4 15. Bxb4 Bf6 16. h3 Ne5 17. Ne4 Rfe8 18. Nxf6+ exf6 19. Bc3 Rab8 20. f4
Nd7 21. e4 b5 22. a3 h5 23. Rd6 f5 24. e5 Nb6 25. Bc6 Nc4 26. Bxe8 Nxd6 27.
exd6 Rxe8 28. Bf6 Bd7 29. Rc1 Re6 30. Be7 b4 31. axb4 Re3 32. Kf2 Rd3 33. Rc7
Bb5 34. Rxa7 f6 35. Rb7 Bc6 36. Rb6 Bd7 37. Bxf6 Kf7 38. Be5 Rd2+ 39. Ke3 Rg2
40. Kf3 Rd2 41. Rb8 Bc6+ 42. Ke3 Rg2 43. b5 Be4 44. d7 Rxg3+ 45. Kf2 1-0

[Event "Lichtenrader Herbst"]
[Site "?"]
[Date "2005.10.04"]
[Round "4"]
[White "Postler, Reinhard"]
[Black "Rabiega, Robert"]
[Result "1/2-1/2"]
[WhiteElo "2327"]
[BlackElo "2501"]
[PlyCount "45"]
[EventDate "2005.??.??"]

1. e4 e5 2. Nf3 Nc6 3. Bb5 a6 4. Ba4 Nf6 5. O-O Be7 6. Re1 b5 7. Bb3 d6 8. c3
O-O 9. d3 Na5 10. Bc2 c5 11. Nbd2 Nc6 12. Nf1 Re8 13. Bg5 h6 14. Bxf6 Bxf6 15.
Ne3 g6 16. Bb3 Bg7 17. Bd5 Bd7 18. a4 Rf8 19. axb5 axb5 20. Qb3 Na5 21. Qc2 Nc6
22. Qb3 Na5 23. Qc2 1/2-1/2

[Event "Lichtenrader Herbst"]
[Site "?"]
[Date "2005.10.04"]
[Round "4"]
[White "Meister, Yakov"]
[Black "Figura, Atila Gajo"]
[Result "1/2-1/2"]
[WhiteElo "2490"]
[BlackElo "2277"]
[PlyCount "148"]
[EventDate "2005.??.??"]

1. e4 c5 2. Nf3 e6 3. c4 Nc6 4. Nc3 e5 5. d3 d6 6. Be2 g6 7. O-O Bg7 8. a3 Nge7
9. Rb1 O-O 10. b4 f5 11. exf5 gxf5 12. Bd2 b6 13. Ne1 Nd4 14. f4 Ng6 15. fxe5
Bxe5 16. Nf3 Nxf3+ 17. Bxf3 Rb8 18. Bd5+ Kh8 19. Qh5 Bd7 20. Ne2 Qh4 21. Qxh4
Nxh4 22. Bc3 Bxc3 23. Nxc3 Rbe8 24. Rfe1 Ng6 25. Rxe8 Rxe8 26. Rd1 Kg7 27. Kf2
Nf4 28. b5 Ne6 29. Bxe6 Bxe6 30. a4 Rd8 31. a5 d5 32. axb6 axb6 33. d4 dxc4 34.
dxc5 Rxd1 35. Nxd1 bxc5 36. b6 Bc8 37. Nc3 Kf6 38. Na4 c3 39. Ke1 c2 40. Kd2
Ke5 41. Nxc5 Kd4 42. Nb3+ Ke4 43. Kxc2 Ke3 44. g3 f4 45. gxf4 Kxf4 46. Kd3 Kg4
47. Nc5 Kh3 48. Kd4 Kxh2 49. Ke5 h5 50. Kd6 h4 51. Kc7 h3 52. Kxc8 Kg2 53. b7
h2 54. b8=Q h1=Q 55. Qb2+ Kg3 56. Qe5+ Kg4 57. Qg7+ Kh3 58. Qh6+ Kg2 59. Qg5+
Kh2 60. Qf4+ Kg1 61. Ne4 Qh8+ 62. Kd7 Qg7+ 63. Kc6 Qb2 64. Kd5 Qa2+ 65. Kc6 Qg2
66. Qe3+ Kh2 67. Kd5 Qg8+ 68. Kd4 Qh8+ 69. Kc4 Qg8+ 70. Kc3 Qg7+ 71. Kd3 Qg2
72. Qf4+ Kg1 73. Qe3+ Kh2 74. Qe1 Qf1+ 1/2-1/2

[Event "Lichtenrader Herbst"]
[Site "?"]
[Date "2005.10.04"]
[Round "4"]
[White "Reichenbach, Werner"]
[Black "Kalinitschew, Sergey"]
[Result "0-1"]
[WhiteElo "2310"]
[BlackElo "2478"]
[PlyCount "78"]
[EventDate "2005.??.??"]

1. c4 b6 2. Nc3 e6 3. d4 Bb7 4. Nf3 f5 5. g3 Nf6 6. Bg2 Bb4 7. O-O Bxc3 8. bxc3
O-O 9. Ba3 Re8 10. c5 Qc8 11. c4 Be4 12. Nd2 Bxg2 13. Kxg2 Qa6 14. Qb3 Nc6 15.
e3 Rab8 16. cxb6 Rxb6 17. Qc3 Reb8 18. Rfc1 h6 19. Rc2 Nb4 20. Bxb4 Rxb4 21.
Kg1 Qc6 22. a3 R4b6 23. Qd3 Qa4 24. f3 Qa5 25. Rac1 Rb2 26. Kf2 Kh8 27. Kg2 c6
28. h3 c5 29. d5 Qc7 30. Rxb2 Rxb2 31. Rc2 Rxc2 32. Qxc2 Qe5 33. e4 fxe4 34.
Nxe4 exd5 35. cxd5 d6 36. Nxf6 Qxf6 37. f4 h5 38. Kf3 g6 39. g4 Qh4 {Zue.} 0-1

[Event "Lichtenrader Herbst"]
[Site "?"]
[Date "2005.10.04"]
[Round "4"]
[White "Geller, Jakov"]
[Black "Teschke, Olaf"]
[Result "1-0"]
[WhiteElo "2469"]
[BlackElo "2236"]
[PlyCount "35"]
[EventDate "2005.??.??"]

1. d4 Nf6 2. c4 e5 3. dxe5 Ng4 4. e4 Nxe5 5. Nf3 Nbc6 6. Nxe5 Nxe5 7. Be2 Bc5
8. O-O Qh4 9. Nc3 h5 10. Nd5 c6 11. Bf4 Bd6 12. Bg3 Qxe4 13. Nf6+ gxf6 14. Qxd6
Qf5 15. f4 Ng4 16. Bd3 Qa5 17. Rae1+ Kd8 18. f5 1-0

[Event "Lichtenrader Herbst"]
[Site "?"]
[Date "2005.10.04"]
[Round "4"]
[White "Stippekohl, Peter"]
[Black "Mikhaletz, Lubomir"]
[Result "1/2-1/2"]
[WhiteElo "2166"]
[BlackElo "2451"]
[PlyCount "109"]
[EventDate "2005.??.??"]

1. Nf3 d6 2. d4 Bg4 3. e4 Nf6 4. Nc3 Nc6 5. d5 Nb8 6. h3 Bc8 7. Bf4 c6 8. dxc6
Nxc6 9. e5 dxe5 10. Qxd8+ Kxd8 11. O-O-O+ Bd7 12. Nxe5 Nxe5 13. Bxe5 Kc8 14.
Bb5 Bxb5 15. Nxb5 Nd7 16. Bg3 a6 17. Na3 b5 18. c4 e5 19. cxb5 Bxa3 20. bxa3
axb5 21. Rd5 f6 22. Rxb5 Rxa3 23. Kb2 Rd3 24. Rc1+ Kd8 25. Rc3 Rd4 26. f3 Ke7
27. Bf2 Rd1 28. Rc1 Rd6 29. a4 Ra8 30. a5 Ke6 31. Be1 g5 32. Bb4 Rda6 33. Rc7
h5 34. g4 hxg4 35. hxg4 R8a7 36. Rc2 e4 37. Re2 Ne5 38. Rxe4 Kf7 39. Bc3 Nxf3
40. Kb3 Rc6 41. Rc4 Re6 42. Rb6 Ne5 43. Re4 Rxb6+ 44. axb6 Rb7 45. Ba5 Ke6 46.
Kb4 Kd5 47. Re2 Nc6+ 48. Ka4 Nd4 49. Re1 Rb8 50. Re7 Nc6 51. Rd7+ Kc5 52. b7
Nxa5 53. Kxa5 Kc6 54. Rf7 Rxb7 55. Rxf6+ 1/2-1/2

[Event "Lichtenrader Herbst"]
[Site "?"]
[Date "2005.10.04"]
[Round "4"]
[White "Bartolomaeus, Christian"]
[Black "Langrock, Hannes"]
[Result "1/2-1/2"]
[WhiteElo "2232"]
[BlackElo "2430"]
[PlyCount "101"]
[EventDate "2005.??.??"]

1. e4 e6 2. d3 c5 3. Nf3 b6 4. g3 Bb7 5. Bg2 d6 6. c3 Nf6 7. O-O Be7 8. Re1 O-O
9. Nbd2 Nbd7 10. Qc2 b5 11. d4 Qc7 12. e5 dxe5 13. dxe5 Nd5 14. c4 Nb4 15. Qb1
a6 16. b3 Rfd8 17. a3 Nc6 18. Bb2 bxc4 19. Nxc4 Na5 20. Bc3 Nxc4 21. bxc4 g6
22. Re3 Bf8 23. Qe1 Rdb8 24. Ba5 Qc8 25. Rd1 Bc6 26. Red3 Rb7 27. Nh4 Rab8 28.
f4 Be7 29. Be4 Nb6 30. Nf3 Kg7 31. Nd2 Na4 32. Bc3 Nxc3 33. Rxc3 Rb2 34. Rd3
Ba4 35. Rc1 Ra2 36. Rb1 Rbb2 37. Rxb2 Rxb2 38. Qc1 Qb8 39. Qc3 Rc2 40. Qa5 Qb2
41. Qxa4 Rxd2 42. Rxd2 Qxd2 43. Bf3 Bd8 44. Qxa6 Ba5 45. Qd6 Qc1+ 46. Kg2 Qxc4
47. Qe7 Qc2+ 48. Kh3 c4 49. Bg4 Kg8 50. Qe8+ Kg7 51. Qe7 1/2-1/2